Villes les plus peuplées de France - Statistiques

Statistiques générales
  • Ce quiz a été pris 8 871 fois
  • Le résultat moyen est 43 sur 100
Statistiques - réponses
Hint Réponse % Correct
1 Paris
100%
2 Marseille
99%
3 Lyon
98%
9 Bordeaux
95%
4 Toulouse
95%
10 Lille
94%
5 Nice
94%
7 Strasbourg
93%
6 Nantes
91%
11 Rennes
88%
8 Montpellier
85%
24 Brest
83%
16 Grenoble
75%
15 Toulon
75%
17 Dijon
74%
14 Saint-Etienne
72%
13 Le Havre
70%
29 Metz
70%
38 Nancy
70%
12 Reims
70%
27 Tours
68%
25 Clermont-Ferrand
67%
34 Rouen
67%
36 Caen
66%
33 Orléans
65%
30 Perpignan
65%
18 Angers
63%
22 Nîmes
60%
20 | 37 Saint-Denis
60%
61 La Rochelle
57%
26 Limoges
57%
28 Amiens
56%
66 Cannes
55%
21 Le Mans
54%
56 Pau
53%
51 Versailles
53%
48 Poitiers
51%
64 Calais
49%
35 Mulhouse
49%
23 Aix-en-Provence
48%
73 Ajaccio
48%
43 Dunkerque
48%
46 Avignon
47%
19 Villeurbanne
47%
77 Quimper
46%
31 Besançon
45%
92 Lorient
44%
78 Valence
44%
68 Colmar
42%
32 Boulogne-Billancourt
41%
42 Roubaix
41%
83 Troyes
37%
90 Chambéry
35%
47 Nanterre
35%
45 Créteil
34%
44 Tourcoing
34%
67 Béziers
31%
71 Bourges
31%
91 Niort
30%
82 Neuilly-sur-Seine
28%
98 Beauvais
24%
93 Cergy
24%
50 Fort-de-France
24%
41 Montreuil
24%
69 Saint-Nazaire
24%
94 Montauban
22%
89 Ivry-sur-Seine
21%
63 Antibes
20%
40 Argenteuil
20%
96 Cayenne
19%
59 Aubervilliers
18%
74 Issy-les-Moulineaux
17%
75 Levallois-Perret
16%
85 Clichy
15%
95 Saint-Quentin
15%
76 Villeneuve-d'Ascq
15%
99 Hyères
14%
72 Mérignac
14%
58 Saint-Pierre
14%
88 Pessac
13%
39 Saint-Paul
13%
86 Sarcelles
13%
84 Vénissieux
13%
81 Antony
12%
54 Asnières-sur-Seine
12%
55 Aulnay-sous-Bois
12%
49 Courbevoie
12%
53 Colombes
11%
70 Drancy
11%
57 Rueil-Malmaison
10%
52 Vitry-sur-Seine
10%
80 La Seyne-sur-Mer
9%
65 Le Tampon
9%
79 Noisy-le-Grand
9%
97 Villejuif
9%
60 Champigny-sur-Marne
8%
62 Saint-Maur-des-Fossés
8%
87 Les Abymes
6%
100 Épinay-sur-Seine
5%
Aucun quiz correspondant
Distribution des résultats
% des personnes avec chaque résultat
Percentile par nombre de réponses
Votre historique - résultats
Vous n’avez pas pris ce quiz